000
00222nam a2200097Ia 4500
008
220120s9999||||xx |||||||||||||| ||und||
082
_a
530 BAS
100
_a
Basavaraju, S.B
245
0
_a
Engineering physics
300
_b
295
999
_c
136298
_d
136298